My little wipe clean series : (Record no. 10115)

MARC details
000 -LEADER
fixed length control field 01073nam a22002897a 4500
001 - CONTROL NUMBER
control field 10115
003 - CONTROL NUMBER IDENTIFIER
control field FISKH
005 - DATE AND TIME OF LATEST TRANSACTION
control field 20260421111129.0
008 - FIXED-LENGTH DATA ELEMENTS--GENERAL INFORMATION
fixed length control field 260421b cb ||||| |||| 00| 0 eng d
020 ## - INTERNATIONAL STANDARD BOOK NUMBER
International Standard Book Number 9789810568979
040 ## - CATALOGING SOURCE
Original cataloging agency FISKH
Language of cataloging eng
Transcribing agency FISKH
Modifying agency FISKH
050 ## - LIBRARY OF CONGRESS CALL NUMBER
Classification number TL146 .T73
082 ## - DEWEY DECIMAL CLASSIFICATION NUMBER
Classification number 372.21
100 ## - MAIN ENTRY--PERSONAL NAME
Personal name Anonymous
245 ## - TITLE STATEMENT
Title My little wipe clean series :
Remainder of title Transport /
260 ## - PUBLICATION, DISTRIBUTION, ETC.
Place of publication, distribution, etc. Singapore :
Name of publisher, distributor, etc. Future Ace,
Date of publication, distribution, etc. []
300 ## - PHYSICAL DESCRIPTION
Extent 8 unnumbered pages :
Other physical details color illustrations ;
Dimensions 20 cm
505 ## - FORMATTED CONTENTS NOTE
Formatted contents note D<br/>
520 ## - SUMMARY, ETC.
Summary, etc. A wipe-clean early learning book that introduces young children to different types of transport such as airplanes, motorcycles, and boats. The book includes simple activities and colorful illustrations to help develop vocabulary, recognition, and early writing or tracing skills.
521 8# - TARGET AUDIENCE NOTE
Target audience note 160<br/>
Source Lexile estimate<br/>
521 8# - TARGET AUDIENCE NOTE
Target audience note D<br/>
Source Raz-Plus
650 ## - SUBJECT ADDED ENTRY--TOPICAL TERM
Topical term or geographic name entry element Transportation
Form subdivision Juvenile literature
650 ## - SUBJECT ADDED ENTRY--TOPICAL TERM
Topical term or geographic name entry element Activity books
Form subdivision Children
650 ## - SUBJECT ADDED ENTRY--TOPICAL TERM
Topical term or geographic name entry element Vehicles
Form subdivision Juvenile literature
942 ## - ADDED ENTRY ELEMENTS (KOHA)
Source of classification or shelving scheme Dewey Decimal Classification
Koha item type Books
Suppress in OPAC No
Holdings
Withdrawn status Lost status Source of classification or shelving scheme Damaged status Not for loan Collection Home library Current library Shelving location Date acquired Total Checkouts Full call number Barcode Date last seen Copy number Price effective from Koha item type
    Dewey Decimal Classification     Juvenile Fiction Footprints International School Library Network Toul Tom Poung Campus Footprints International School Library Network Toul Tom Poung Campus TTP Primary Green Bookshelves 04/21/2026   ANO 372.21 TL146 .T73 2026-0508 04/21/2026 1 04/21/2026 Books